000 00409nam a22001577a 4500
999 _c532984
_d532984
003 NUST
038 _awaseem
082 _a297.63
_bAKH
100 _aAkhtar, Muhammad
_926633
245 _aAzeem Insan /
_cMuhammad Akhtar
260 _aLahore :
_bTayaba Noor Printers,
_c[s.l].
300 _a376 p. ;
880 _6100-01\r
_aمحمد اختر
880 _6245-02\r
_aعظیم انسان /
942 _2ddc
_cBK